[Event "LUX-chT 2016/17"]
[Site "Luxembourg"]
[Date "2017.02.05"]
[Round "7"]
[White "Guidoreni, Jean"]
[Black "Sabotic, Rameza"]
[Result "1-0"]
[WhiteElo "1887"]
[BlackElo "1796"]
[PlyCount "53"]
[EventDate "2016.09.25"]
[EventType "team-tourn"]
[EventRounds "10"]
[EventCountry "LUX"]
[SourceTitle "EXT 2018"]
[Source "ChessBase"]
[SourceDate "2017.10.13"]
[SourceVersion "1"]
[SourceVersionDate "2017.10.13"]
[SourceQuality "1"]

1. e4 e5 2. Nf3 Nf6 3. Nc3 d6 4. Bc4 h6 5. h3 Be7 6. d3 c6 7. a4 a5 8. Be3 Nbd7 9. Qd2 c5 10. Nh4 Nb6 11. Bb5+ Bd7 12. Nf5 Bf8 13. 0-0 Nc8 14. f4 Bxb5 15. Nxb5 b6 16. Rf3 g6 17. fxe5 dxe5 18. Nxh6 Bxh6 19. Bxh6 Nh5 20. Raf1 Rh7 21. g4 Nf4 22. Bxf4 exf4 23. Qxf4 Kd7 24. Qe5 Kc6 25. Rxf7 Rxf7 26. Rxf7 Nd6 27. Rf6 1-0